Prehispanic Mexican art / (Record no. 121006)

MARC details
000 -LEADER
campo de control de longitud fija 00732nam a2200217 i 4500
001 - NÚMERO DE CONTROL
campo de control 121006
003 - IDENTIFICADOR DE NÚMERO DE CONTROL
campo de control ES-MaACL
005 - FECHA Y HORA DE LA ÚLTIMA TRANSACCIÓN
campo de control 20230906191652.0
007 - CAMPO FIJO DE DESCRIPCIÓN FÍSICA--INFORMACIÓN GENERAL
campo de control de longitud fija t|
008 - DATOS DE LONGITUD FIJA--INFORMACIÓN GENERAL
campo de control de longitud fija 070214s1972 xxu |||| | eng d
080 ## - NÚMERO DE LA CLASIFICACIÓN DECIMAL UNIVERSAL
Número de la Clasificación Decimal Universal 7.031.8(72)
080 ## - NÚMERO DE LA CLASIFICACIÓN DECIMAL UNIVERSAL
Número de la Clasificación Decimal Universal 930.26(399.7 Méjico)
245 00 - MENCIÓN DEL TÍTULO
Título Prehispanic Mexican art /
Mención de responsabilidad, etc. Paul Westheim ... [et al.] ; translated under the direction of Lancelot C. Sheppard.
260 ## - PUBLICACIÓN, DISTRIBUCIÓN, ETC.
Lugar de publicación, distribución, etc. New York :
Nombre del editor, distribuidor, etc. G. P. Putnam's Sons,
Fecha de publicación, distribución, etc. 1972.
300 ## - DESCRIPCIÓN FÍSICA
Extensión 447 p., 83 lám. col. :
Otras características físicas il. ;
Dimensiones 34 cm.
650 04 - PUNTO DE ACCESO ADICIONAL DE MATERIA--TÉRMINO DE MATERIA
Término de materia o nombre geográfico como elemento de entrada Arte precolombino-
Subdivisión geográfica México.
9 (RLIN) 10268
651 #4 - PUNTO DE ACCESO ADICIONAL DE MATERIA--NOMBRE GEOGRÁFICO
Nombre geográfico México-
Subdivisión general Restos arqueológicos.
9 (RLIN) 148679
700 1# - ENTRADA AGREGADA--NOMBRE PERSONAL
Nombre de persona Westheim, Paul.
9 (RLIN) 116568
700 1# - ENTRADA AGREGADA--NOMBRE PERSONAL
Nombre de persona Sheppard, Lancelot C.
9 (RLIN) 106092
852 ## - LOCALIZACIÓN
Ubicación ES-MaACL
Número de control de estantería A-5557
Holdings
Estatus retirado Estado de pérdida Estado de daño No para préstamo Biblioteca de origen Biblioteca actual Ubicación en estantería Fecha de adquisición Fuente de adquisición Total de préstamos Signatura topográfica completa Código de barras Visto por última vez Precio de reemplazo Tipo de ítem Koha
        Biblioteca del Ateneo de Madrid Biblioteca del Ateneo de Madrid Sala Pecera Planta 1 17/01/2008     A-5557 1126116 23/02/2023 23/02/2023 Libro impreso